Resilience of rural households and communities to economic shocks, HIV/AIDS and recurrent droughts: The case of households and communities in the Mwami Area, Chipata, Zambia (Record no. 56352)
[ view plain ]
| 000 -LEADER | |
|---|---|
| fixed length control field | 00942nam a2200181 a 4500 |
| 008 - FIXED-LENGTH DATA ELEMENTS--GENERAL INFORMATION | |
| fixed length control field | 120830s2009 ||||||||||||||||| || u |
| 050 ## - LIBRARY OF CONGRESS CALL NUMBER | |
| Classification number | RIHN(08)SERS/2009/10 |
| 100 ## - MAIN ENTRY--PERSONAL NAME | |
| Personal name | Mulenga, Chileshe L |
| 245 10 - TITLE STATEMENT | |
| Title | Resilience of rural households and communities to economic shocks, HIV/AIDS and recurrent droughts: The case of households and communities in the Mwami Area, Chipata, Zambia |
| Statement of responsibility, etc. | By Chileshe L. Mulenga |
| 260 ## - PUBLICATION, DISTRIBUTION, ETC. | |
| Place of publication, distribution, etc. | Kyoto |
| Name of publisher, distributor, etc. | Research Institute for Humanity and Nature (RIHN) |
| Date of publication, distribution, etc. | 2009 |
| 300 ## - PHYSICAL DESCRIPTION | |
| Extent | 40p. |
| 490 ## - SERIES STATEMENT | |
| Series statement | Social-Ecological Resilience Working Papers |
| 500 ## - GENERAL NOTE | |
| General note | Working paper on social-ecological resilience series No. 2009-010 |
| 650 ## - SUBJECT ADDED ENTRY--TOPICAL TERM | |
| Topical term or geographic name entry element | RURAL POOR--CHINA |
| 650 ## - SUBJECT ADDED ENTRY--TOPICAL TERM | |
| Topical term or geographic name entry element | FOOD SECURITY--NORTH WESTERN PROVINCE--ZAMBIA |
| 710 ## - ADDED ENTRY--CORPORATE NAME | |
| Corporate name or jurisdiction name as entry element | Research Institute for Humanity and Nature (RIHN) |
| 995 ## - RECOMMENDATION 995 [LOCAL, UNIMARC FRANCE] | |
| -- | CBU-MAIN LIBRARY (Kitwe) |
| -- | 1 |
| -- | AVAILABLE |
| -- | Sep 5, 2012 |
| -- | Zambiana Collection |
| Withdrawn status | Lost status | Source of classification or shelving scheme | Damaged status | Not for loan | Home library | Current library | Shelving location | Date acquired | Total Checkouts | Full call number | Barcode | Date last seen | Price effective from | Koha item type |
|---|---|---|---|---|---|---|---|---|---|---|---|---|---|---|
| CBU-MAIN LIBRARY, KITWE. | CBU-MAIN LIBRARY, KITWE. | 11/30/2022 | RIHN(08)SERS/2009/10 | B173 | 11/30/2022 | 11/30/2022 | MONOGRAPH |